00811nam a2200217Ii 45000010005000000030009000050080041000140400033000550410008000880820014000961100044001102450053001542640086002073000012002933360026003053370028003313380027003599400050003869990017004369520140004537056CO-ViMGA241108s9999||||xx |||||||||||||| ||und|| aCO-ViMGAbspaerdacCO-ViMGA0 aunk04a986.1-U581 aUniversidad Nacional de Colombia91720410aAnuario colombiano de historia social de cultura 1a[Lugar de publicación no identificado] : Universidad Nacional de Colombia, 1969 avolumen atextbtxt2rdacontent aunmediatedbn2rdamedia avolumebnc2rdacarrier aidficha_siabuc: 6894. -- ficha_no_siabuc:7056 c56019d56019 001040708001aMEVIGERRbMEVIGERRcGENd2006-11-27hVol.1o986.1-U58pECA6754r2024-11-26 10:52:01tEj.1w2024-11-26yBKz6894 | 9661